[Event "Olympiad Women-43"]
[Site "Batumi"]
[Date "2018.10.04"]
[Round "10.3"]
[White "Garcia, Marcella"]
[Black "Parrado, Angelica"]
[Result "1-0"]
[WhiteElo "1755"]
[BlackElo "1559"]
[PlyCount "67"]
[EventDate "2018.09.24"]
[EventType "team-swiss"]
[EventRounds "11"]
[EventCountry "GEO"]
[SourceTitle "EXT 2020"]
[Source "ChessBase"]
[SourceDate "2019.10.17"]
[SourceVersion "1"]
[SourceVersionDate "2019.10.17"]
[SourceQuality "1"]
[WhiteTeam "Honduras (W)"]
[BlackTeam "Palau (W)"]
[WhiteTeamCountry "HON"]
[BlackTeamCountry "PAL"]

1. e4 c5 2. Nf3 g6 3. d4 cxd4 4. Nxd4 Bg7 5. Nc3 Nh6 6. Be3 Ng4 7. Qxg4 d5 8. Qd1 dxe4 9. Nxe4 0-0 10. Be2 Qa5+ 11. c3 Rd8 12. 0-0 Nc6 13. Nxc6 bxc6 14. Qc1 Bb7 15. Nc5 Bc8 16. Bf3 Qc7 17. Rd1 Re8 18. Qc2 Be5 19. g3 h5 20. h4 Bh3 21. Kh2 Bg4 22. Bxg4 hxg4 23. Bd4 Bg7 24. Bxg7 Kxg7 25. Qe2 Qc8 26. Rd7 f5 27. Rxe7+ Rxe7 28. Qxe7+ Kh6 29. Rd1 Qe8 30. Qg5+ Kh7 31. Rd7+ Qxd7 32. Nxd7 a5 33. h5 gxh5 34. Nf6+ 1-0

[Event "Olympiad Women-43"]
[Site "Batumi"]
[Date "2018.10.03"]
[Round "9.3"]
[White "Garcia, Marcella"]
[Black "Zengeni, Paidaishe"]
[Result "1/2-1/2"]
[WhiteElo "1755"]
[BlackElo "1528"]
[PlyCount "64"]
[EventDate "2018.09.24"]
[EventType "team-swiss"]
[EventRounds "11"]
[EventCountry "GEO"]
[SourceTitle "EXT 2020"]
[Source "ChessBase"]
[SourceDate "2019.10.17"]
[SourceVersion "1"]
[SourceVersionDate "2019.10.17"]
[SourceQuality "1"]
[WhiteTeam "Honduras (W)"]
[BlackTeam "Zimbabwe (W)"]
[WhiteTeamCountry "HON"]
[BlackTeamCountry "ZIM"]

1. e4 d5 2. exd5 Qxd5 3. Nc3 Qd8 4. Nf3 Nf6 5. d4 e6 6. a3 c5 7. Be2 cxd4 8. Qxd4 Qxd4 9. Nxd4 Bc5 10. Nb3 Bb6 11. Bf4 Bd7 12. Bd6 Bc6 13. Bb5 Bxb5 14. Nxb5 Nbd7 15. Bc7 0-0 16. Bxb6 Nxb6 17. Nd6 Na4 18. Rb1 b6 19. 0-0 Rfd8 20. Nc4 Rac8 21. Ne3 Nd5 22. Rfd1 Nxe3 23. Rxd8+ Rxd8 24. fxe3 e5 25. Kf2 f6 26. Ke2 Kf7 27. Nd2 Ke6 28. e4 g6 29. g4 Rh8 30. Nf3 h5 31. g5 h4 32. gxf6 Kxf6 1/2-1/2

[Event "Olympiad Women-43"]
[Site "Batumi"]
[Date "2018.10.02"]
[Round "8.3"]
[White "Nokuthula, Mkhonta"]
[Black "Garcia, Marcella"]
[Result "0-1"]
[WhiteElo "1053"]
[BlackElo "1755"]
[PlyCount "106"]
[EventDate "2018.09.24"]
[EventType "team-swiss"]
[EventRounds "11"]
[EventCountry "GEO"]
[SourceTitle "EXT 2020"]
[Source "ChessBase"]
[SourceDate "2019.10.17"]
[SourceVersion "1"]
[SourceVersionDate "2019.10.17"]
[SourceQuality "1"]
[WhiteTeam "Swaziland (W)"]
[BlackTeam "Honduras (W)"]
[WhiteTeamCountry "SWA"]
[BlackTeamCountry "HON"]

1. e4 c5 2. Nf3 d6 3. d4 cxd4 4. Nxd4 Nf6 5. Nc3 a6 6. Be2 e6 7. 0-0 Be7 8. Be3 0-0 9. f4 Nbd7 10. Bf3 Qc7 11. Qd3 Rb8 12. Rae1 b5 13. f5 Nc5 14. Qd2 b4 15. Nd5 exd5 16. exd5 Bd7 17. Bg5 Rfe8 18. Re2 Bf8 19. Rfe1 Rxe2 20. Rxe2 Na4 21. Qe1 Bb5 22. Re3 Nd7 23. Qg3 Ne5 24. Bh6 Kh8 25. Bg5 Qc4 26. Ne2 Qxc2 27. h3 Qxb2 28. Bf4 Nxf3+ 29. gxf3 Bxe2 30. Qf2 Bb5 31. Re4 Qxf2+ 32. Kxf2 a5 33. Kg3 Nc3 34. Re1 Nxa2 35. Bd2 Nc3 36. Kg4 Re8 37. Ra1 a4 38. Kg5 Be7+ 39. Kg4 Bf6 40. h4 b3 41. Rc1 b2 42. Rg1 b1Q 43. Rxb1 Nxb1 44. Bb4 a3 45. Bxd6 a2 46. Bc5 a1Q 47. d6 Qa4+ 48. f4 Qd1+ 49. Kg3 Re1 50. Bf2 Qd3+ 51. Kg2 Qe4+ 52. Kg3 Bc6 53. d7 Qf3+ 0-1

[Event "Olympiad Women-43"]
[Site "Batumi"]
[Date "2018.10.01"]
[Round "7.61"]
[White "Garcia, Marcella"]
[Black "James, Shemilah"]
[Result "0-1"]
[WhiteElo "1755"]
[BlackElo "1535"]
[PlyCount "78"]
[EventDate "2018.09.24"]
[EventType "team-swiss"]
[EventRounds "11"]
[EventCountry "GEO"]
[SourceTitle "EXT 2020"]
[Source "ChessBase"]
[SourceDate "2019.10.17"]
[SourceVersion "1"]
[SourceVersionDate "2019.10.17"]
[SourceQuality "1"]
[WhiteTeam "Honduras (W)"]
[BlackTeam "Trinidad and Tobago (W)"]
[WhiteTeamCountry "HON"]
[BlackTeamCountry "TRI"]

1. e4 e5 2. Nf3 Nc6 3. d4 exd4 4. Bc4 Be7 5. c3 d6 6. Qb3 Na5 7. Bxf7+ Kf8 8. Qa4 Kxf7 9. Qxa5 h6 10. cxd4 c6 11. Qd2 Nf6 12. Nc3 Re8 13. 0-0 Kg8 14. Qd3 Be6 15. Be3 Rf8 16. a4 Qd7 17. Rfe1 Nh5 18. Qd2 Bg4 19. Ne2 Rxf3 20. h3 Rxe3 21. Qxe3 Bxe2 22. Qxe2 Nf4 23. Qc2 Rf8 24. e5 dxe5 25. dxe5 Qd5 26. Qe4 Qxe4 27. Rxe4 Nd3 28. f3 Bc5+ 29. Kf1 Nf4 30. Rd1 Nd5 31. e6 Ne3+ 32. Rxe3 Bxe3 33. e7 Re8 34. Rd7 Kf7 35. Rxb7 Rxe7 36. Rb3 Bd4 37. Rb4 c5 38. Rb8 Be5 39. Rb5 Bg3 0-1

[Event "Olympiad Women-43"]
[Site "Batumi"]
[Date "2018.09.24"]
[Round "1.18"]
[White "Bach, Ngoc Thuy Duong"]
[Black "Garcia, Marcella"]
[Result "1-0"]
[WhiteElo "2161"]
[BlackElo "1755"]
[PlyCount "85"]
[EventDate "2018.09.24"]
[EventType "team-swiss"]
[EventRounds "11"]
[EventCountry "GEO"]
[SourceTitle "EXT 2020"]
[Source "ChessBase"]
[SourceDate "2019.10.17"]
[SourceVersion "1"]
[SourceVersionDate "2019.10.17"]
[SourceQuality "1"]
[WhiteTeam "Vietnam (W)"]
[BlackTeam "Honduras (W)"]
[WhiteTeamCountry "VIE"]
[BlackTeamCountry "HON"]

1. d4 d5 2. c4 e6 3. Nc3 Nf6 4. cxd5 exd5 5. Bg5 Be7 6. Qc2 c6 7. e3 Nbd7 8. Bd3 h6 9. Bh4 Nf8 10. Nf3 Ng6 11. Bxg6 fxg6 12. Qxg6+ Kf8 13. Ne5 Be6 14. 0-0 Kg8 15. f4 Qe8 16. Qxe8+ Rxe8 17. Ng6 Rh7 18. f5 Bc8 19. Nxe7+ Rxe7 20. Rae1 Kf7 21. e4 dxe4 22. Bxf6 gxf6 23. Rxe4 Kf8 24. Rff4 Bd7 25. Kf2 h5 26. g3 Rhg7 27. Rxe7 Kxe7 28. Ne4 Rg4 29. Kf3 Rxf4+ 30. Kxf4 Be8 31. h3 Bf7 32. a3 Bd5 33. g4 hxg4 34. hxg4 Bxe4 35. Kxe4 Kd7 36. Kf4 Ke8 37. g5 fxg5+ 38. Kxg5 Kf7 39. f6 a6 40. Kf5 b5 41. b4 Kf8 42. Ke6 Ke8 43. Kd6 1-0

[Event "San Jose subzonal (Women) 2.3.c"]
[Site "San Jose"]
[Date "2018.03.26"]
[Round "3"]
[White "Garcia, Marcella"]
[Black "Rosales Espinoza, Ania Nahid"]
[Result "1-0"]
[WhiteElo "1785"]
[BlackElo "1249"]
[PlyCount "113"]
[EventDate "2018.03.25"]
[EventType "swiss"]
[EventRounds "9"]
[EventCountry "CRI"]
[SourceTitle "EXT 2019"]
[Source "ChessBase"]
[SourceDate "2018.10.10"]
[SourceVersion "1"]
[SourceVersionDate "2018.10.10"]
[SourceQuality "1"]

1. e4 c5 2. Nf3 d6 3. d4 cxd4 4. Nxd4 Nf6 5. Nc3 g6 6. Be3 Bg7 7. f3 0-0 8. Bc4 Bd7 9. Bb3 Nc6 10. Qd2 Qc7 11. 0-0-0 Rfc8 12. g4 Na5 13. h4 Nxb3+ 14. axb3 Qa5 15. Kb1 h5 16. Bh6 Rab8 17. Bxg7 Kxg7 18. g5 Nh7 19. Nd5 Qxd2 20. Rxd2 e6 21. Ne3 f6 22. gxf6+ Kxf6 23. Ne2 Rc6 24. f4 e5 25. Rhd1 exf4 26. Nxf4 Ke5 27. Nxg6+ Kxe4 28. Nc4 Bg4 29. Re1+ Kf5 30. Ne7+ Kf4 31. Nxc6 bxc6 32. Rxd6 Kg3 33. Rxc6 Rb7 34. Re3+ Kxh4 35. Rc5 Ng5 36. Ne5 Nf3 37. Nxf3+ Bxf3 38. Rxf3 Rg7 39. Rc4+ Rg4 40. Rxg4+ hxg4 41. Rf7 Kh3 42. Rxa7 Kh2 43. b4 g3 44. b5 g2 45. Rg7 g1Q+ 46. Rxg1 Kxg1 47. b6 Kf2 48. b7 Ke3 49. b8Q Ke4 50. Kc1 Kd4 51. Kd2 Ke4 52. Qd6 Kf3 53. Qe5 Kg4 54. Ke3 Kh4 55. Qg7 Kh5 56. Kf4 Kh4 57. Qg4# 1-0

[Event "HON-ch (Women)"]
[Site "Tegucigalpa"]
[Date "2018.03.09"]
[Round "2.2"]
[White "Garcia, Marcella"]
[Black "Ortiz, Rosa Daniela"]
[Result "1-0"]
[WhiteElo "1785"]
[BlackElo "1597"]
[PlyCount "87"]
[EventDate "2018.03.08"]
[EventType "swiss"]
[EventRounds "6"]
[EventCountry "HON"]
[SourceTitle "EXT 2024"]
[Source "ChessBase"]
[SourceDate "2023.10.10"]
[SourceVersion "1"]
[SourceVersionDate "2023.10.10"]
[SourceQuality "1"]

1. e4 e6 2. d4 d5 3. Nd2 c5 4. exd5 exd5 5. Ngf3 Nc6 6. dxc5 Bxc5 7. Nb3 Bb6 8. h3 h6 9. c3 Nf6 10. Bd3 Ne4 11. 0-0 0-0 12. Nfd2 Bf5 13. Qf3 Nxd2 14. Bxd2 Bxd3 15. Qxd3 Re8 16. Rae1 Qd7 17. Be3 Ne5 18. Qc2 Bxe3 19. Rxe3 Rac8 20. Rfe1 Nc4 21. Rxe8+ Rxe8 22. Rd1 Qd6 23. Nd2 Nxd2 24. Qxd2 Qb6 25. b3 Rd8 26. Qd4 Qa6 27. Rd2 Qe6 28. Rd1 b6 29. Kf1 Re8 30. Qd2 Kf8 31. Re1 Qd7 32. Qd3 Rxe1+ 33. Kxe1 Qe6+ 34. Qe2 Qxe2+ 35. Kxe2 Ke7 36. Kd3 Kd6 37. Kd4 f6 38. f4 h5 39. g4 hxg4 40. hxg4 g6 41. a3 a6 42. a4 b5 43. a5 Kc6 44. g5 1-0